From Toronto terms to the HIPC initiative <a> brief history of debt relief for low-income countries
Gespeichert in:
| 1. Verfasser: | |
|---|---|
| Weitere Verfasser: | |
| Format: | Buch |
| Sprache: | Englisch |
| Veröffentlicht: |
Washington
International Monetary Fund
1999
|
| Schriftenreihe: | IMF Working Paper
WP/99/142 |
| Schlagworte: | |
| Tags: |
Keine Tags, Fügen Sie das erste Tag hinzu!
|
MARC
| LEADER | 00000nam a2200000 4500 | ||
|---|---|---|---|
| 001 | c124220 | ||
| 005 | 20221221082443.6 | ||
| 041 | 0 | |a eng | |
| 044 | |a US | ||
| 245 | 1 | 0 | |a From Toronto terms to the HIPC initiative |b <a> brief history of debt relief for low-income countries |c Prepared by Christina Daseking and Robert Powell |
| 264 | 1 | |a Washington |b International Monetary Fund |c 1999 | |
| 300 | |a 29 s. | ||
| 490 | 1 | |a IMF Working Paper |v WP/99/142 | |
| 830 | 0 | |a IMF Working Paper |v WP/99/142 | |
| 610 | 2 | 0 | |a zadlženosť zahraničná |
| 610 | 2 | 0 | |a krajiny rozvojové |
| 610 | 2 | 0 | |a pôžičky zahraničné |
| 610 | 2 | 0 | |a chudoba |
| 610 | 2 | 0 | |a Medzinárodný menový fond |
| 100 | 1 | |a Daseking, Christina | |
| 700 | 1 | |a Powell, Robert | |